<?xml version="1.0" encoding="UTF-8"?>
<record
    xmlns:xsi="http://www.w3.org/2001/XMLSchema-instance"
    xsi:schemaLocation="http://www.loc.gov/MARC21/slim http://www.loc.gov/standards/marcxml/schema/MARC21slim.xsd"
    xmlns="http://www.loc.gov/MARC21/slim">

  <leader>00746nam a22001697a 4500</leader>
  <datafield tag="020" ind1=" " ind2=" ">
    <subfield code="a">9789698535155  (HBK)</subfield>
  </datafield>
  <datafield tag="082" ind1=" " ind2=" ">
    <subfield code="a">297.577</subfield>
    <subfield code="b">AHM</subfield>
  </datafield>
  <datafield tag="100" ind1=" " ind2=" ">
    <subfield code="a">Assal, Ahmed El.</subfield>
  </datafield>
  <datafield tag="245" ind1=" " ind2=" ">
    <subfield code="a">Islam ka khandani nizam /</subfield>
    <subfield code="b">Ahmed Al Assal, translated by Amjad Ali Bhatti</subfield>
  </datafield>
  <datafield tag="260" ind1=" " ind2=" ">
    <subfield code="a">Islamabad:</subfield>
    <subfield code="b">National University of Sciences and Technology,</subfield>
    <subfield code="c">2015.</subfield>
  </datafield>
  <datafield tag="300" ind1=" " ind2=" ">
    <subfield code="a">452 p.</subfield>
  </datafield>
  <datafield tag="650" ind1=" " ind2=" ">
    <subfield code="a">Islam- Family System</subfield>
    <subfield code="9">93058</subfield>
  </datafield>
  <datafield tag="880" ind1=" " ind2=" ">
    <subfield code="6">100-01\r</subfield>
    <subfield code="a">&#x627;&#x62D;&#x645;&#x62F; &#x627;&#x644;&#x639;&#x633;&#x627;&#x644;</subfield>
  </datafield>
  <datafield tag="880" ind1=" " ind2=" ">
    <subfield code="6">245-02\r</subfield>
    <subfield code="a">&#x627;&#x633;&#x644;&#x627;&#x645; &#x6A9;&#x627; &#x62E;&#x627;&#x646;&#x62F;&#x627;&#x646;&#x6CC; &#x646;&#x638;&#x627;&#x645;/</subfield>
    <subfield code="b">&#x627;&#x62D;&#x645;&#x62F; &#x627;&#x644;&#x639;&#x633;&#x627;&#x644; &#x645;&#x62A;&#x631;&#x62C;&#x645; &#x627;&#x645;&#x62C;&#x62F; &#x639;&#x644;&#x6CC; &#x628;&#x6BE;&#x679;&#x6CC;</subfield>
  </datafield>
  <datafield tag="880" ind1=" " ind2=" ">
    <subfield code="6">260-03\r</subfield>
    <subfield code="a">&#x627;&#x633;&#x644;&#x627;&#x645; &#x622;&#x628;&#x627;&#x62F;:</subfield>
    <subfield code="b">&#x646;&#x6CC;&#x634;&#x646;&#x644; &#x6CC;&#x648;&#x646;&#x6CC;&#x648;&#x631;&#x633;&#x679;&#x6CC; &#x633;&#x627;&#x626;&#x646;&#x633; &#x627;&#x6CC;&#x646;&#x688; &#x679;&#x6CC;&#x6A9;&#x646;&#x627;&#x644;&#x648;&#x62C;&#x6CC; &#x627;&#x633;&#x644;&#x627;&#x645; &#x622;&#x628;&#x627;&#x62F;&#x60C;</subfield>
    <subfield code="c">2015</subfield>
  </datafield>
  <datafield tag="942" ind1=" " ind2=" ">
    <subfield code="2">ddc</subfield>
    <subfield code="c">BK</subfield>
  </datafield>
  <datafield tag="999" ind1=" " ind2=" ">
    <subfield code="c">590277</subfield>
    <subfield code="d">590277</subfield>
  </datafield>
  <datafield tag="952" ind1=" " ind2=" ">
    <subfield code="0">0</subfield>
    <subfield code="1">0</subfield>
    <subfield code="2">ddc</subfield>
    <subfield code="4">0</subfield>
    <subfield code="6">297_577000000000000_AHM</subfield>
    <subfield code="7">0</subfield>
    <subfield code="9">581236</subfield>
    <subfield code="a">CL</subfield>
    <subfield code="b">CL</subfield>
    <subfield code="c">ISL</subfield>
    <subfield code="d">2022-07-05</subfield>
    <subfield code="o">297.577 AHM</subfield>
    <subfield code="p">CL3439</subfield>
    <subfield code="r">2022-07-05</subfield>
    <subfield code="w">2022-07-05</subfield>
    <subfield code="y">BK</subfield>
  </datafield>
</record>
